00705nam a22001457a 4500003000500000082000800005100002500013245010700038264003800145300002200183520022700205650003700432700003300469856005700502NUST a621 a Hamza Ali ,Muhammad aNumerical Investigation of Flow Across Three Side-by-side Co-Rotating Cylinders /cMuhammad Hamza Ali aIslamabad : bSMME- NUST; c2023. b Soft Copyc30cm. aFlow across three side by side co rotating cylinders in numerically investigated at Rs= 100 for 0< a < 8 where Re is the Reynolds Number is defined as pU D/u and a is the non dimensional rotation rate defined as wD/U...... aMS Mechanical Engineering  aSupervisor : Dr. Adnan Munir uhttp://10.250.8.41:8080/xmlui/handle/123456789/34265